000 01104nam0a22002651 4500
001 rc\4475955
005 20250612093624.0
021 _aRU
_b[63-65337]
035 _a(NLR Aleph) 008599215
090 _a8693174
_c8693174
100 _a20130416d1963 |||y0rusy50 ca
101 0 _arus
102 _aRU
105 _ay z |||||
200 1 _aОсновы конструирования долговечных тракторов
_fНауч.-техн. о-во машиностроит. пром-сти. Обществ. ун-т. Заоч. курсы усовершенствования ИТР по конструированию тракторов и с.-х. машин
210 _aМосква
_cБ. и.
_d1963
215 _a[1], 41 с.
_cграф.
_d21
606 _aТракторные детали
_xДолговечность
_2psbo
606 _aТракторы
_xКонструкция и расчет
_2psbo
700 1 _aКугель
_bР.В.
_gРафаил Викторович
801 0 _aRU
_bNLR
_gpsbo
801 1 _aRU
_bELAR
_2rusmarc
852 _aNLR
_j63-6/10530
942 _cBOOK
980 _aNB